000 00290pab a2200109 454500
008 180718b xxu||||| |||| 00| 0 eng d
100 _aArora, Sushil
245 _aAudio - visual media and the human resource planning
650 _aAudio - Visual Media
773 _aMan In India
909 _a24264
999 _c24264
_d24264